Normal view
MARC view
- Steffan,Belinda
Entry Personal Name
001 - CONTROL NUMBER
- control field: 339
003 - CONTROL NUMBER IDENTIFIER
- control field: JO-AjAnu
005 - DATE AND TIME OF LATEST TRANSACTION
- control field: 20230606070348.0
008 - FIXED-LENGTH DATA ELEMENTS
- fixed length control field: 230606|| aca||aabn | a|a d
040 ## - CATALOGING SOURCE
- Original cataloging agency: JO-AjAnu
- Transcribing agency: JO-AjAnu
100 ## - HEADING--PERSONAL NAME
- Personal name: Steffan,Belinda
670 ## - SOURCE DATA FOUND
- Source citation: Work cat.: (JO-AjAnu)178: Steffan,Belinda, author, Essential Management Accounting: How to maximise profit and boost financial performance